000 00665nam a2200253Ia 4500
003 OSt
005 20220918164628.0
006 a|||||r|||| 00| 0
007 ta
008 220917b |||||||| |||| 00| 0 eng d
020 _a0704530619
024 _a33,189
037 _cTextual
040 _aARTS
_cARTS
_beng
041 _2eng
_aeng
082 _aO111,6N05x, M1
100 _aAnand Mulk Raj
_919744
245 0 _aConversations in bloomsbury
260 _aLondon
_bWildwood House UK
_c1981
300 _a159p.
_ccm.
650 _aENGLISH LITERATURE
942 _hO111,6N05x, M1
_cTEXL
_2CC
999 _c125627
_d125627